[Event "AUTO-BEG-316"]
[Site "http://www.queenalice.com/game.php?id=590055"]
[Date "2009.5.18"]
[Round "1"]
[White "dreamer"]
[Black "RodicH"]
[Result "1-0"]
[WhiteElo "1189"]
[BlackElo "1282"]

1. Nf3 e6 2. d4 d5 3. Bg5 f6 4. Bf4 Nc6 5. h3 e5 6. dxe5 fxe5 7. Bxe5 Nxe5 8.
Nxe5 Bb4+ 9. c3 Ba5 10. e3 Qd6 11. Nf3 Be6 12. Qa4+ Bd7 13. Qxa5 Ne7 14. Qa3
Qxa3 15. Nxa3 O-O-O 16. Be2 Kb8 17. O-O Rdf8 18. Nc2 h6 19. Rad1 c6 20. Ncd4 g5
21. Ne5 Be8 22. Bg4 Kc7 23. Ne6+ Kb6 24. Nxf8 Rxf8 25. Nd7+ Bxd7 26. Bxd7 Ng6
27. Bg4 Ne5 28. Be2 h5 29. Bxh5 Rg8 30. b3 g4 31. hxg4 a5 32. f4 Nd7 33. c4 Nc5
34. cxd5 cxd5 35. Rxd5 Re8 36. Bxe8 1-0

[Event "AUTO-BEG-316"]
[Site "http://www.queenalice.com/game.php?id=590056"]
[Date "2009.5.18"]
[Round "1"]
[White "RodicH"]
[Black "dreamer"]
[Result "0-1"]
[WhiteElo "1282"]
[BlackElo "1222"]

1. e4 e6 2. Nc3 d5 3. d4 dxe4 4. Nxe4 b6 5. Bb5+ c6 6. Bc4 Bb7 7. Qf3 c5 8. d5
exd5 9. Bb5+ Bc6 10. Bxc6+ Nxc6 11. Ng5 Nf6 12. Be3 Be7 13. N1h3 h6 14. Rd1 hxg5
15. Bxg5 Ne4 16. Be3 O-O 17. Qh5 g6 18. Qh6 Bf6 19. O-O Bg7 20. Qf4 Nf6 21. Ng5
d4 22. c3 Qb8 23. Qh4 dxe3 24. fxe3 Re8 25. Rf3 Kf8 26. Nh7+ Nxh7 27. Qxh7 Ne5
28. Rh3 Ng4 29. g3 Nf6 30. Qh4 Rxe3 31. g4 Rxh3 32. Qxh3 Qf4 33. Qg2 Qxg4 34. h3
Qxd1+ 35. Kh2 Qd6+ 36. Kg1 Re8 37. Kf1 Qd1+ 38. Kf2 Re2+ 39. Kg3 Rxg2+ 40. Kxg2
Nh5 0-1

[Event "AUTO-BEG-316"]
[Site "http://www.queenalice.com/game.php?id=590065"]
[Date "2009.5.18"]
[Round "1"]
[White "RodicH"]
[Black "vieri"]
[Result "1-0"]
[WhiteElo "1378"]
[BlackElo "1160"]

1. e4 e5 2. Nc3 Nf6 3. Nf3 Bd6 4. Ng5 h6 5. Nf3 O-O 6. d3 Nc6 7. a3 Nd4 8. Nxd4
exd4 9. Nb5 Bc5 10. b4 a6 11. e5 axb5 12. exf6 Bd6 13. Qg4 Qxf6 14. f3 Qe7+ 15.
Kf2 Qf6 16. Bd2 Re8 17. Re1 Rxe1 18. Bxe1 Rxa3 19. Qe4 Qd8 20. Qxd4 Ra2 21. Bc3
f6 22. Qd5+ Kh8 23. d4 Qf8 24. Qxa2 Kh7 25. Bd3+ f5 26. g4 Qf6 27. Qa8 Qd8 28.
Bxf5+ g6 29. Bd3 Bf4 30. h4 d5 31. g5 Qd7 32. h5 b6 33. hxg6+ Kg7 34. gxh6+ Kf6
35. h7 Kg7 36. h8=Q# 1-0

[Event "AUTO-BEG-316"]
[Site "http://www.queenalice.com/game.php?id=590066"]
[Date "2009.5.18"]
[Round "1"]
[White "vieri"]
[Black "RodicH"]
[Result "0-1"]
[WhiteElo "1153"]
[BlackElo "1401"]

1. e4 e5 2. Bc4 Nh6 3. Nf3 f6 4. O-O d6 5. Nh4 Nc6 6. Nc3 b6 7. Nf5 Nxf5 8. exf5
Bxf5 9. Qh5+ g6 10. Qf3 Na5 11. Bb5+ Bd7 12. Bd3 Bg7 13. Be4 Rb8 14. Nd5 c6 15.
Nb4 O-O 16. Nd3 f5 17. Nxe5 dxe5 18. Bd3 e4 19. Bc4+ Nxc4 20. Qb3 Be6 21. Qa4
Na5 22. b4 Bxa1 23. c3 b5 24. Qc2 Qd5 25. Qb1 Qd3 26. Qxd3 exd3 27. Ba3 Nc4 28.
Rxa1 Nxa3 29. g3 Nc4 30. Rd1 Rbe8 31. Kg2 Bd5+ 32. Kh3 h5 33. f3 Bxf3 34. Rf1
Bg4+ 35. Kh4 Nxd2 36. Ra1 Nf3# 0-1

[Event "Challenge"]
[Site "http://www.queenalice.com/game.php?id=593889"]
[Date "2009.5.26"]
[Round "-"]
[White "minhoca_verde"]
[Black "RodicH"]
[Result "0-1"]
[WhiteElo "1293"]
[BlackElo "1404"]

1. e4 e5 2. d4 Nc6 3. dxe5 Nxe5 4. Bf4 Bb4+ 5. c3 Bd6 6. Be2 Qh4 7. g3 Qf6 8.
Nf3 Nh6 9. Qb3 O-O 10. Bg5 Qe6 11. Qxe6 dxe6 12. Nxe5 Bxe5 13. O-O f6 14. Be3 b6
15. a4 a5 16. Nd2 Ba6 17. Bxa6 Rxa6 18. Nf3 Ng4 19. Nxe5 Nxe3 20. fxe3 fxe5 21.
Rxf8+ Kxf8 22. Rf1+ Ke7 23. b4 axb4 24. cxb4 Rxa4 25. b5 Rxe4 26. Rc1 Kd7 27.
Rd1+ Ke7 28. Rc1 Rb4 29. Rxc7+ Kf6 30. Rc8 Rxb5 31. Rh8 Rb3 32. Rf8+ Kg6 33. h4
Rxe3 34. Rb8 Rxg3+ 35. Kf2 Rb3 36. Rc8 e4 37. Re8 e3+ 38. Ke2 Kh5 39. Rh8 Kh6
40. Re8 Kh5 41. Rh8 h6 42. Re8 Kxh4 43. Rxe6 Kh5 44. Re5+ Kg6 45. Re6+ Kf7 46.
Rd6 g5 47. Rxh6 b5 48. Rh5 Kg6 49. Rh3 g4 50. Rg3 Kg5 51. Rg2 Rb2+ 52. Kf1 Rf2+
53. Rxf2 exf2 54. Kxf2 Kf4 55. Ke2 g3 56. Kd2 g2 57. Kc3 g1=Q 58. Kb4 Qf1 59.
Ka5 Qc4 60. Ka6 b4+ 61. Ka5 b3 62. Kb6 b2 63. Ka7 b1=Q 64. Ka8 Qa4# 0-1

[Event "AUTO-INT-1323"]
[Site "http://www.queenalice.com/game.php?id=594112"]
[Date "2009.5.27"]
[Round "1"]
[White "RodicH"]
[Black "ReidoBaralho"]
[Result "1-0"]
[WhiteElo "1322"]
[BlackElo "1570"]

1. e4 e5 2. Nc3 Qh4 3. Qe2 b6 4. Nf3 Qf6 5. d3 g6 6. Nd5 Qc6 7. Ng5 Bh6 8. h4 f6
9. Nb4 Qb5 10. Nd5 fxg5 11. Nxc7+ 1-0

[Event "AUTO-INT-1323"]
[Site "http://www.queenalice.com/game.php?id=594113"]
[Date "2009.5.27"]
[Round "1"]
[White "ReidoBaralho"]
[Black "RodicH"]
[Result "1-0"]
[WhiteElo "1557"]
[BlackElo "1385"]

1. e4 e5 2. Qh5 Qe7 3. Bc4 g6 4. Qf3 Nf6 5. g3 Bg7 6. Nh3 d6 7. Bb5+ c6 8. Bf1
O-O 9. Bg2 Bg4 10. Qb3 b6 11. Ng5 Be6 12. Nxe6 Qxe6 13. Qxe6 fxe6 14. O-O d5 15.
exd5 exd5 16. d3 c5 17. c4 Rd8 18. Nc3 Na6 19. Nb5 Ng4 20. cxd5 Nb4 21. Bg5 Rd7
22. d6 Nxd3 23. Bxa8 h6 24. Bc6 Rd8 25. Bxd8 1-0

[Event "AUTO-INT-1323"]
[Site "http://www.queenalice.com/game.php?id=594114"]
[Date "2009.5.27"]
[Round "1"]
[White "RodicH"]
[Black "luiz_gustavo"]
[Result "0-1"]
[WhiteElo "1421"]
[BlackElo "1768"]

1. e4 e5 2. Nc3 Nf6 3. d4 exd4 4. Qxd4 c5 5. Qe5+ Be7 6. Qg5 O-O 7. Bd3 h6 8.
Qf5 d5 9. Qf4 Bd6 10. Qe3 d4 11. Qe2 dxc3 12. bxc3 Re8 13. Nf3 Bf5 14. O-O Nxe4
15. Bxe4 Bxe4 16. Qc4 Bxf3 17. gxf3 Nc6 18. f4 Qh4 19. f3 Re6 20. Rf2 g5 21. Re2
Rg6 22. Rg2 Qe1+ 23. Qf1 Qxf1+ 24. Kxf1 Bxf4 25. Bxf4 gxf4 26. Re1 Rxg2 27. Kxg2
Kh7 28. Kf2 Rd8 29. Re4 Rd2+ 30. Re2 Rxe2+ 31. Kxe2 Kg6 32. Kd3 Ne5+ 33. Ke4 Nc4
34. Kxf4 Na3 35. Ke4 Nxc2 36. f4 f5+ 37. Kd3 Ne1+ 38. Kc4 b6 39. a4 Nf3 40. Kb5
Nxh2 41. Ka6 Nf3 42. Kxa7 h5 43. Kxb6 h4 44. a5 h3 45. a6 h2 46. a7 h1=Q 47.
a8=Q Qb1+ 48. Kxc5 Qg1+ 49. Kb4 Qb6+ 50. Kc4 Nd2+ 51. Kd3 Qd6+ 52. Kc2 Qxf4 53.
Qg8+ Kh5 54. Qh8+ Kg4 55. Qg8+ Kf3 56. Qd5+ Ne4 57. Qd1+ Kg2 58. Qd4 Qf2+ 59.
Kd3 Qd2+ 60. Kc4 Qxd4+ 61. Kxd4 f4 62. Kxe4 f3 63. Kd5 f2 64. c4 f1=Q 65. c5
Qd1+ 66. Kc6 Qd8 67. Kb5 Qc7 68. c6 Kf3 69. Kc5 Ke4 70. Kb5 Kd5 0-1

[Event "AUTO-INT-1323"]
[Site "http://www.queenalice.com/game.php?id=594115"]
[Date "2009.5.27"]
[Round "1"]
[White "luiz_gustavo"]
[Black "RodicH"]
[Result "1-0"]
[WhiteElo "1778"]
[BlackElo "1423"]

1. e4 e5 2. Nf3 Nc6 3. Bb5 a6 4. Ba4 d6 5. Nc3 Nf6 6. d3 Be7 7. h3 O-O 8. O-O b5
9. Bb3 Na5 10. Nd5 Nxb3 11. Nxf6+ Bxf6 12. axb3 c5 13. c4 bxc4 14. bxc4 h6 15.
Bd2 a5 16. b4 cxb4 17. Be3 Bd7 18. d4 exd4 19. Nxd4 g5 20. Ne2 Kg7 21. Bd4 Qe7
22. Bxf6+ Qxf6 23. Ng3 Qg6 24. c5 b3 25. Qxb3 Rab8 26. Qc3+ f6 27. Rxa5 Rbc8 28.
Ra7 Rfd8 29. Nf5+ Kf7 30. Nxd6+ Ke6 31. Nxc8 Rxc8 32. Qc4+ Ke7 33. c6 Rd8 34.
Rd1 Qe8 35. Rdxd7+ Kf8 36. Rf7+ Kg8 37. Rh7+ 1-0

[Event "AUTO-BEG-313"]
[Site "http://www.queenalice.com/game.php?id=611421"]
[Date "2009.6.30"]
[Round "2"]
[White "RodicH"]
[Black "Chemiker"]
[Result "1/2-1/2"]
[WhiteElo "1443"]
[BlackElo "1557"]

1. e4 e5 2. Nc3 Nf6 3. d3 Bc5 4. Be3 Bxe3 5. fxe3 d6 6. Qd2 O-O 7. O-O-O Bg4 8.
Nf3 c5 9. Kb1 Nc6 10. h3 Bxf3 11. gxf3 Qa5 12. Nd5 Qxd2 13. Rxd2 Nb4 14. Nxf6+
gxf6 15. Rg1+ Kh8 16. a3 Rg8 17. Rxg8+ Rxg8 18. Rd1 Nc6 19. Be2 Rg2 20. Rd2 Rg1+
21. Ka2 f5 22. exf5 f6 23. d4 cxd4 24. exd4 Nxd4 25. Bd1 Rg3 26. c3 Nxf3 27.
Bxf3 Rxf3 28. Rxd6 Rxf5 29. Re6 Kg8 30. Re7 h5 31. h4 Kf8 32. Rd7 e4 33. Rd1 e3
34. Re1 Re5 35. Kb3 f5 36. Kc4 e2 37. Kd4 Re4+ 38. Kd3 Rxh4 39. Rxe2 f4 40. Rf2
Rh3+ 41. Ke4 Rh4 42. Rxf4+ Rxf4+ 43. Kxf4 Kf7 44. Kg5 Ke6 45. Kxh5 Kd5 46. b3
Kc5 47. Kg5 Kd5 48. Kf4 a5 49. Ke3 a4 50. bxa4 Kc4 51. Kd2 Kb3 1/2-1/2

[Event "AUTO-BEG-313"]
[Site "http://www.queenalice.com/game.php?id=611422"]
[Date "2009.6.30"]
[Round "2"]
[White "Chemiker"]
[Black "RodicH"]
[Result "1-0"]
[WhiteElo "1513"]
[BlackElo "1419"]

1. e4 e5 2. d4 d6 3. Nf3 Nf6 4. Nc3 c6 5. Bc4 Bg4 6. h3 Bxf3 7. Qxf3 Qe7 8. Bg5
Nbd7 9. O-O-O d5 10. exd5 b5 11. Bxf6 Nxf6 12. dxe5 bxc4 13. dxc6 Rc8 14. exf6
Qxf6 15. Qe4+ Be7 16. Nd5 Qe6 17. f3 Qxe4 18. fxe4 Bg5+ 19. Kb1 O-O 20. h4 Bd8
21. c7 g6 22. e5 Kg7 23. b3 Re8 24. cxd8=Q Rcxd8 25. Nc7 Rxd1+ 26. Rxd1 Re7 27.
Nb5 Rxe5 28. Nxa7 c3 29. b4 Re7 30. Nc6 Re4 31. b5 Rc4 32. Na5 Rb4+ 33. Nb3 Rxb5
34. a4 Rb4 35. a5 Rxh4 36. a6 Ra4 37. Nc5 Ra5 38. Rd5 Kf6 39. Ne4+ 1-0

[Event "AUTO-BEG-313"]
[Site "http://www.queenalice.com/game.php?id=611423"]
[Date "2009.6.30"]
[Round "2"]
[White "RodicH"]
[Black "vinicius123"]
[Result "1-0"]
[WhiteElo "1407"]
[BlackElo "1477"]

1. e4 e5 2. Nc3 Bc5 3. Nf3 Nc6 4. d3 Nf6 5. Ng5 O-O 6. Be2 h6 7. Nf3 d6 8. O-O
Bg4 9. Na4 Bb6 10. Nxb6 axb6 11. a3 Bxf3 12. Bxf3 Nd4 13. Bg4 Qe7 14. c3 Nc6 15.
b3 Nxg4 16. Qxg4 Qf6 17. Bxh6 Qxh6 18. Rfd1 Ne7 19. c4 Qg6 20. Qxg6 1-0

[Event "AUTO-BEG-313"]
[Site "http://www.queenalice.com/game.php?id=611424"]
[Date "2009.6.30"]
[Round "2"]
[White "vinicius123"]
[Black "RodicH"]
[Result "0-1"]
[WhiteElo "1458"]
[BlackElo "1426"]

1. e4 e5 2. Nf3 Nc6 3. Bc4 Na5 4. Nxe5 Nxc4 5. Nxc4 d6 6. O-O Nf6 7. d3 Be7 8.
Bg5 O-O 9. Nc3 Bd7 10. Nd2 c5 11. Nf3 Bg4 12. h3 Bxf3 13. Qxf3 Nd7 14. Bxe7 Qxe7
15. Nd5 Qd8 16. Ne3 Ne5 17. Qg3 g6 18. Qf4 Kg7 19. Ng4 Nxg4 0-1

[Event "AUTO-BEG-315"]
[Site "http://www.queenalice.com/game.php?id=648140"]
[Date "2009.9.6"]
[Round "2"]
[White "geisonm"]
[Black "RodicH"]
[Result "1-0"]
[WhiteElo "1600"]
[BlackElo "1475"]

1. d4 d5 2. Nc3 Nf6 3. Bg5 h6 4. Bxf6 exf6 5. e4 Bb4 6. Qd2 dxe4 7. a3 Bxc3 8.
Qxc3 Nc6 9. Rd1 O-O 10. d5 Bg4 11. f3 exf3 12. gxf3 Re8+ 13. Be2 Bf5 14. dxc6
Qe7 15. cxb7 Rab8 16. Qb3 c6 17. f4 Be6 18. Qd3 Bd5 19. Nf3 Rxb7 20. O-O Qxe2
21. Qxe2 Rxe2 22. Nh4 Rxc2 23. b4 g5 24. Rf2 Bb3 25. Rd3 Rc1+ 26. Kg2 Bd5+ 27.
Nf3 g4 28. Kg3 h5 29. Nd4 Rg1+ 30. Kh4 g3 31. Rxg3+ Rxg3 32. Kxg3 Rd7 33. Kh4
Be4 34. Nb3 Bg6 35. f5 Bh7 36. Na5 Rd4+ 37. Kxh5 Rd3 38. Rf4 Rxa3 39. Nxc6 a6
40. Nd4 Ra2 41. Rg4+ Kf8 42. h3 Rf2 43. h4 Rb2 44. Kh6 Bg8 45. Nc6 Rf2 46. Rd4
Re2 47. Nb8 Ke7 48. Nxa6 Rf2 49. Re4+ Kd6 50. b5 Rxf5 51. b6 Rb5 52. Rd4+ Ke7
53. Re4+ Kf8 54. Nc7 Re5 55. Rxe5 fxe5 56. b7 f5 57. b8=Q+ Kf7 58. Qe8+ Kf6 59.
Qxg8 1-0

[Event "AUTO-BEG-315"]
[Site "http://www.queenalice.com/game.php?id=648141"]
[Date "2009.9.6"]
[Round "2"]
[White "RodicH"]
[Black "geisonm"]
[Result "1-0"]
[WhiteElo "1464"]
[BlackElo "1611"]

1. e4 d5 2. Nc3 dxe4 3. Nxe4 f5 4. Ng5 Qd5 5. d4 Nc6 6. c3 e5 7. Qe2 h6 8. N5f3
e4 9. Nh4 Nce7 10. g3 g5 11. Ng2 f4 12. gxf4 Ng6 13. Ne3 Qa5 14. f5 Bxf5 15.
Qb5+ Qxb5 16. Bxb5+ Bd7 17. Bxd7+ Kxd7 18. Bd2 Nf4 19. O-O-O Nd3+ 20. Kb1 Nxf2
21. Ne2 Nxh1 22. Rxh1 Bd6 23. h4 Bf4 24. Nc4 b5 25. Nxf4 gxf4 26. Ne5+ Ke8 27.
Bxf4 Ne7 28. Re1 Nd5 29. Rxe4 h5 30. Ng6+ Kd7 31. Nxh8 Rxh8 32. Be5 Re8 33. Kc2
b4 34. c4 Ne7 35. Kb3 c5 36. dxc5 Ng6 37. Rd4+ Ke6 38. Rd6+ Kxe5 39. Rxg6 a5 40.
Rg5+ Kd4 41. Rd5+ Ke4 42. c6 Kf4 43. Rxh5 Re6 44. c7 Rc6 45. Rxa5 Rxc7 46. h5
Ke4 47. Kxb4 Kd4 48. b3 Rb7+ 49. Rb5 Ra7 50. a4 Ra6 51. Rd5+ Ke4 52. Kb5 Rh6 53.
a5 Re6 54. a6 Re8 55. a7 Ra8 56. Kb6 Kf4 57. Kb7 Re8 58. a8=Q Re7+ 59. Kc6 Re6+
60. Kc5 Re3 61. Qf8+ Ke4 62. Qf5# 1-0

[Event "AUTO-INT-1476"]
[Site "http://www.queenalice.com/game.php?id=665351"]
[Date "2009.10.10"]
[Round "1"]
[White "Michihall"]
[Black "RodicH"]
[Result "1-0"]
[WhiteElo "1766"]
[BlackElo "1527"]

1. d4 c6 2. c4 d5 3. Nc3 Nf6 4. Bg5 h6 5. Bxf6 exf6 6. e3 f5 7. Nf3 f6 8. cxd5
Bb4 9. dxc6 Nxc6 10. Bb5 O-O 11. Bxc6 bxc6 12. Qb3+ Kh7 13. Qxb4 a5 14. Qa4 Bd7
15. Qc2 g6 16. O-O h5 17. h3 g5 18. Nd2 Kg7 19. f4 g4 20. h4 Qe7 21. Rae1 Qe6
22. e4 fxe4 23. Ndxe4 Qf5 24. Qc1 Bc8 25. Nd6 Qd3 26. Nxc8 Raxc8 27. Qe3 Qxe3+
28. Rxe3 Rb8 29. b3 f5 30. Re6 Rbd8 31. Rxc6 Rxd4 32. Rc5 Ra8 33. Rxf5 Kg6 34.
Rc5 Rd2 35. Rd1 Rc2 36. f5+ Kf6 37. Rd6+ Ke7 38. Rh6 g3 39. Ne4 Rxc5 40. Nxc5
Rc8 41. Re6+ Kf7 42. Nd3 Rc3 43. Re3 Kf6 44. Rxg3 Kxf5 45. Rg5+ Ke4 46. Nf2+ Kf4
47. Rxh5 Rc2 48. Rxa5 Kg3 49. Ne4+ Kxh4 50. Ra8 Kg4 51. a4 Re2 52. Nc5 Kg3 53.
Rg8+ Kf4 54. b4 Rb2 55. Nd3+ 1-0

[Event "AUTO-INT-1476"]
[Site "http://www.queenalice.com/game.php?id=665352"]
[Date "2009.10.10"]
[Round "1"]
[White "RodicH"]
[Black "Michihall"]
[Result "1-0"]
[WhiteElo "1499"]
[BlackElo "1794"]

1. e4 e5 2. Nc3 Nf6 3. Be2 Bb4 4. d3 Bxc3+ 5. bxc3 h6 6. Nh3 d5 7. c4 Bxh3 8.
gxh3 dxc4 9. Bb2 cxd3 10. cxd3 Nc6 11. Bc3 O-O 12. Qd2 a6 13. a3 b5 14. Rg1 g5
15. h4 Nh7 16. hxg5 hxg5 17. h4 f6 18. Bg4 Qe7 19. hxg5 fxg5 20. Bf5 Rf7 21. Bg6
Rg7 22. Bf5 Rf8 23. f3 Rff7 24. Kf2 Qc5+ 25. Ke2 Nd4+ 26. Bxd4 exd4 27. Bxh7+
Kxh7 28. Rh1+ Kg8 29. a4 b4 30. Rab1 a5 31. Rbc1 Qe5 32. Rh5 Qf4 33. Qxf4 gxf4
34. Kf2 Rh7 35. Rg5+ Rfg7 36. Rxg7+ Rxg7 37. Rc4 Rd7 38. e5 Kf7 39. Rc6 b3 40.
e6+ Ke7 41. exd7 Kxd7 42. Rc5 Kd6 43. Rc1 c5 44. Rb1 Kd5 45. Rxb3 c4 46. Rb5+
1-0

[Event "AUTO-INT-1476"]
[Site "http://www.queenalice.com/game.php?id=665363"]
[Date "2009.10.10"]
[Round "1"]
[White "daga2008"]
[Black "RodicH"]
[Result "0-1"]
[WhiteElo "1613"]
[BlackElo "1478"]

1. e4 e5 2. Qh5 d6 3. Bc4 Qe7 4. d3 Nf6 5. Qd1 h6 6. Nh3 c6 7. d4 d5 8. exd5
cxd5 9. Be2 Ne4 10. f3 Bxh3 11. gxh3 Qh4+ 12. Kf1 Qf2# 0-1

[Event "AUTO-INT-1476"]
[Site "http://www.queenalice.com/game.php?id=665364"]
[Date "2009.10.10"]
[Round "1"]
[White "RodicH"]
[Black "daga2008"]
[Result "1-0"]
[WhiteElo "1521"]
[BlackElo "1553"]

1. e4 e5 2. Nc3 c6 3. d4 Qe7 4. Nf3 Na6 5. Nxe5 f6 6. Ng4 h5 7. Ne3 d6 8. Nf5
Qd7 9. d5 g6 10. Nh4 b5 11. Nxg6 Rh7 12. Nxf8 Kxf8 13. dxc6 Qxc6 14. Bxb5 Qc5
15. Be3 Qc7 16. Nd5 Qb7 17. Bd3 Nc7 18. Nxc7 Qxc7 19. e5 Rh8 20. exf6 Nxf6 21.
Bd4 Qe7+ 22. Be2 Rh6 23. O-O Bb7 24. Be3 Rg6 25. Bxh5 Rg8 26. Bh6+ Rg7 27. Bxg7+
Kxg7 28. Re1 Qd7 29. Qd4 Qc6 30. Re7+ Kh6 31. Qxf6+ Kxh5 32. Rh7+ Kg4 33. h3#
1-0

[Event "AUTO-INT-1476"]
[Site "http://www.queenalice.com/game.php?id=665371"]
[Date "2009.10.10"]
[Round "1"]
[White "RodicH"]
[Black "chess2009"]
[Result "1-0"]
[WhiteElo "1538"]
[BlackElo "1631"]

1. e4 e5 2. Nc3 c6 3. d4 f6 4. Nf3 Bd6 5. dxe5 Bxe5 6. Nxe5 Nh6 7. Bc4 fxe5 8.
Qh5+ Kf8 9. Bxh6 Qf6 10. Bg5 Qg6 11. Qxg6 hxg6 12. O-O Rh5 13. Be3 b5 14. Bc5+
Ke8 15. Be2 Na6 16. Bxh5 gxh5 17. Be3 b4 18. Ne2 d5 19. exd5 cxd5 20. Rad1 d4
21. Bg5 Nc7 22. Rfe1 Ba6 23. Nf4 Bb5 24. Rxe5+ Kf8 25. Ng6+ Kg8 26. Rxd4 Be8 27.
Rd6 Bxg6 28. Rxg6 a5 29. Bh6 Kh7 30. Reg5 gxh6 31. Rg7+ Kh8 32. R5g6 Nd5 33. Rd7
Nf4 34. Rxh6+ Kg8 35. g3 Ne2+ 36. Kg2 Nc1 37. Rg6+ Kh8 38. Rg5 Nxa2 39. Rd4 a4
40. Rh4 Ra7 41. Rhxh5+ Rh7 42. Rxh7+ Kxh7 43. Ra5 Nc1 44. Rxa4 Ne2 45. Rxb4 Kg7
46. Rf4 Nxf4+ 47. gxf4 Kf6 48. h4 Kf5 49. Kg3 Kf6 50. Kg4 Kg6 51. h5+ Kh6 52. b4
Kh7 53. b5 Kg7 54. b6 Kf7 55. b7 Ke7 56. b8=Q Kd7 57. h6 Ke7 58. h7 Kf7 59. h8=Q
Ke6 60. Qbe5+ Kd7 61. Qhe8# 1-0